000 00689nam a2200289Ia 4500
005 20260324123441.0
008 008 260324s9999 xx 000 0 eng d
020 _a9781315633718
037 _aEBOOK
040 _aCRL
040 _beng
040 _cCRL
041 _2eng
041 _aeng
084 _qCRL
100 _aThomas Cronin; Michael A. Genovese
_91170355
245 0 _aLeadership Matters
245 0 _bUnleashing the Power of Paradox
260 _bTaylor and Francis
260 _c2012
365 _a
365 _b265
856 _uhttp://www.taylorfrancis.com/books/9781315633718
942 _cEBOOK
999 _c1763894
_d1763894